<?xml version="1.0" encoding="UTF-8"?>
<record
    xmlns:xsi="http://www.w3.org/2001/XMLSchema-instance"
    xsi:schemaLocation="http://www.loc.gov/MARC21/slim http://www.loc.gov/standards/marcxml/schema/MARC21slim.xsd"
    xmlns="http://www.loc.gov/MARC21/slim">

  <leader>00978    a2200205   4500</leader>
  <controlfield tag="003">Nust</controlfield>
  <controlfield tag="005">20230830111751.0</controlfield>
  <datafield tag="010" ind1=" " ind2=" ">
    <subfield code="a">   91018752</subfield>
  </datafield>
  <datafield tag="020" ind1=" " ind2=" ">
    <subfield code="c">0132112779</subfield>
  </datafield>
  <datafield tag="040" ind1=" " ind2=" ">
    <subfield code="c">Nust</subfield>
  </datafield>
  <datafield tag="082" ind1="0" ind2="0">
    <subfield code="a">621.3815,BRE</subfield>
  </datafield>
  <datafield tag="100" ind1="1" ind2=" ">
    <subfield code="a">Breeding, Kenneth J.</subfield>
    <subfield code="9">41480</subfield>
  </datafield>
  <datafield tag="245" ind1="1" ind2="0">
    <subfield code="a">Digital design fundamentals /</subfield>
    <subfield code="c">Kenneth J. Breeding.</subfield>
  </datafield>
  <datafield tag="250" ind1=" " ind2=" ">
    <subfield code="a">2nd ed.</subfield>
  </datafield>
  <datafield tag="260" ind1=" " ind2=" ">
    <subfield code="a">Englewood Cliffs, N.J. :</subfield>
    <subfield code="b">Prentice Hall,</subfield>
    <subfield code="c">c1992.</subfield>
  </datafield>
  <datafield tag="300" ind1=" " ind2=" ">
    <subfield code="a">xv, 446 p. :</subfield>
    <subfield code="b">ill. ;</subfield>
    <subfield code="c">24 cm.</subfield>
  </datafield>
  <datafield tag="505" ind1=" " ind2=" ">
    <subfield code="a">Introduction to Digital Systems.(Page-1), Number Systems. (Page-7),  Boolean and Switching Algebra. (Page-41), Gates and the Design of Switching Circuits. (Page-95), Sequential Circuits. (Page-137),  Asynchronous Sequential Circuits. (Page-201),  Pulse-Mode or Multiply Clocked Sequential Circuits. (Page-265), Special Topics In Switching Theory. (Page-301), Large-Scale System Design (Page-353), An Introduction to IEE Std (Page-419).</subfield>
  </datafield>
  <datafield tag="650" ind1=" " ind2="0">
    <subfield code="a">Telecommunication Engineering.</subfield>
  </datafield>
  <datafield tag="942" ind1=" " ind2=" ">
    <subfield code="c">REF</subfield>
    <subfield code="2">ddc</subfield>
  </datafield>
  <datafield tag="999" ind1=" " ind2=" ">
    <subfield code="c">175648</subfield>
    <subfield code="d">175648</subfield>
  </datafield>
  <datafield tag="952" ind1=" " ind2=" ">
    <subfield code="0">0</subfield>
    <subfield code="1">0</subfield>
    <subfield code="2">ddc</subfield>
    <subfield code="4">0</subfield>
    <subfield code="7">0</subfield>
    <subfield code="a">MCS</subfield>
    <subfield code="b">MCS</subfield>
    <subfield code="c">REF</subfield>
    <subfield code="d">2016-12-12</subfield>
    <subfield code="o">621.3815,BRE</subfield>
    <subfield code="p">MCS21437</subfield>
    <subfield code="r">2016-12-08</subfield>
    <subfield code="w">2016-12-12</subfield>
    <subfield code="y">REF</subfield>
    <subfield code="z">Almirah No.21, Shelf No.4</subfield>
  </datafield>
</record>
